[Event "DOM-ch"]
[Site "Santo Domingo"]
[Date "2016.04.09"]
[Round "6"]
[White "Eusebio Perez, Hector Eduardo"]
[Black "Alvarez, Franklin"]
[Result "1-0"]
[WhiteElo "2131"]
[BlackElo "2100"]
[PlyCount "121"]
[EventDate "2016.04.01"]
[EventType "swiss"]
[EventRounds "11"]
[EventCountry "DOM"]
[SourceTitle "CBM 171 Extra"]
[Source "ChessBase"]
[SourceDate "2016.04.26"]
[SourceVersion "1"]
[SourceVersionDate "2016.04.26"]
[SourceQuality "1"]

1. e4 e5 2. Nf3 Nc6 3. Bb5 Nf6 4. d3 d6 5. c3 Be7 6. h3 0-0 7. 0-0 Bd7 8. Re1 a6 9. Ba4 b5 10. Bc2 Qc8 11. Nbd2 Rb8 12. Nf1 Na5 13. d4 Nc6 14. Bg5 h6 15. Bh4 Re8 16. Qd3 g5 17. Bg3 Bf8 18. Rad1 Bg7 19. Bb3 Nh5 20. dxe5 Nxg3 21. Nxg3 Nxe5 22. Nxe5 Bxe5 23. Qf3 Be6 24. Nf5 Bxb3 25. axb3 Qe6 26. b4 Rb6 27. Qh5 Bg7 28. h4 Qg6 29. Qxg6 fxg6 30. Nxg7 Kxg7 31. hxg5 hxg5 32. Rd5 Kf6 33. f3 Re5 34. Red1 Rxd5 35. Rxd5 Rb8 36. Kf2 Rh8 37. Rd1 Ke5 38. Kg3 Kf6 39. Ra1 Ra8 40. Kg4 c6 41. Rd1 Rd8 42. e5+ Kxe5 43. Kxg5 Rg8 44. g4 d5 45. Re1+ Kd6 46. Ra1 d4 47. Rd1 c5 48. bxc5+ Kxc5 49. Rxd4 a5 50. b4+ axb4 51. Rxb4 Rd8 52. Kxg6 Rd3 53. f4 Rxc3 54. Rb1 b4 55. f5 Kc4 56. f6 b3 57. f7 Rf3 58. g5 Kc3 59. Kg7 Kc2 60. Rg1 b2 61. f8Q 1-0

[Event "DOM-ch"]
[Site "Santo Domingo"]
[Date "2015.05.02"]
[Round "2"]
[White "Mejia, Juan Alberto"]
[Black "Alvarez, Franklin"]
[Result "0-1"]
[WhiteElo "1951"]
[BlackElo "2100"]
[PlyCount "48"]
[EventDate "2015.05.01"]
[EventType "swiss"]
[EventRounds "11"]
[EventCountry "DOM"]
[SourceTitle "CBM 166 Extra"]
[Source "ChessBase"]
[SourceDate "2015.06.18"]
[SourceVersion "1"]
[SourceVersionDate "2015.06.18"]
[SourceQuality "1"]

1. c4 e5 2. Nc3 Nc6 3. g3 d6 4. Bg2 f5 5. d3 Nf6 6. Nf3 Be7 7. a3 0-0 8. 0-0 Nd4 9. e3 Nxf3+ 10. Bxf3 c6 11. b4 Be6 12. Bb2 Kh8 13. b5 d5 14. bxc6 bxc6 15. cxd5 cxd5 16. Qe2 Rc8 17. Rfc1 Qd7 18. Qd1 f4 19. Na4 fxe3 20. fxe3 Ng4 21. Rxc8 Rxc8 22. e4 Ne3 23. Qd2 d4 24. Qa5 Bb3 0-1

[Event "Santo Domingo AES Cup 2nd"]
[Site "Santo Domingo"]
[Date "2012.12.04"]
[Round "6"]
[White "Guzman, Christopher"]
[Black "Alvarez, Franklin"]
[Result "1-0"]
[WhiteElo "2126"]
[BlackElo "2102"]
[PlyCount "119"]
[EventDate "2012.12.01"]
[EventType "swiss"]
[EventRounds "9"]
[EventCountry "DOM"]
[SourceTitle "CBM 151 Extra"]
[Source "ChessBase"]
[SourceDate "2012.12.18"]
[SourceVersion "1"]
[SourceVersionDate "2012.12.18"]
[SourceQuality "1"]

1. Nf3 d5 2. g3 g6 3. Bg2 Bg7 4. d3 Nf6 5. Nbd2 0-0 6. 0-0 c5 7. e4 Nc6 8. c3 e5 9. Re1 d4 10. Qc2 h6 11. a3 Be6 12. h3 Rc8 13. c4 Qd7 14. Kh2 Nh7 15. Ng1 a6 16. b3 f5 17. exf5 gxf5 18. Ra2 Rce8 19. Qd1 Bf7 20. f4 Qc7 21. Nf1 h5 22. Rf2 Bg6 23. fxe5 Bxe5 24. Bf4 h4 25. Bd5+ Kg7 26. Ne2 Bh5 27. Qd2 Bxe2 28. Rexe2 hxg3+ 29. Nxg3 Bxf4 30. Qxf4 Qxf4 31. Rxf4 Rxe2+ 32. Nxe2 Ne5 33. Nc1 b6 34. b4 Kg6 35. Rf2 Ng5 36. Kg3 Kf6 37. bxc5 bxc5 38. Rb2 Rh8 39. Rb6+ Ke7 40. Kf4 Nd7 41. Rxa6 Nxh3+ 42. Kxf5 Rf8+ 43. Kg4 Nf2+ 44. Kg3 Nd1 45. Ne2 Ne3 46. Re6+ Kd8 47. Nf4 Rf6 48. Bc6 Nf1+ 49. Kf3 Nd2+ 50. Kg4 Rf8 51. Nd5 Nf3 52. Bxd7 Kxd7 53. Rf6 Nh2+ 54. Kf5 Rh8 55. a4 Nf1 56. Nb6+ Kc7 57. a5 Ne3+ 58. Kf4 Nc2 59. a6 Rf8 60. Nd5+ 1-0

[Event "Santo Domingo AES Cup 2nd"]
[Site "Santo Domingo"]
[Date "2012.12.02"]
[Round "3"]
[White "Alvarez, Franklin"]
[Black "Bruzon Batista, Lazaro"]
[Result "0-1"]
[WhiteElo "2102"]
[BlackElo "2691"]
[PlyCount "70"]
[EventDate "2012.12.01"]
[EventType "swiss"]
[EventRounds "9"]
[EventCountry "DOM"]
[SourceTitle "CBM 151 Extra"]
[Source "ChessBase"]
[SourceDate "2012.12.18"]
[SourceVersion "1"]
[SourceVersionDate "2012.12.18"]
[SourceQuality "1"]

1. e4 c5 2. Nf3 e6 3. d4 cxd4 4. Nxd4 a6 5. c4 Nf6 6. Nc3 Qc7 7. Be3 Bb4 8. Bd3 Bxc3+ 9. bxc3 d6 10. 0-0 Nbd7 11. f3 0-0 12. Qe2 Ne5 13. Nb3 b6 14. Rab1 Bb7 15. Rfc1 Nfd7 16. Nd2 Nc5 17. Bc2 Bc6 18. Bd4 Ned7 19. Qf2 Rac8 20. Qg3 f6 21. Qh3 e5 22. Be3 Kh8 23. Nf1 b5 24. cxb5 Bxb5 25. Ng3 Nb6 26. Nf5 Nc4 27. Bf2 Na3 28. Rb2 Nxc2 29. Rbxc2 Nd3 30. Rb1 Nf4 31. Qh4 Bd3 32. Rbc1 Bxc2 33. Rxc2 Qb8 34. Ne3 g5 35. Qg3 Qb1+ 0-1

[Event "Foxwoods op 10th"]
[Site "Ledyard"]
[Date "2008.03.21"]
[Round "4"]
[White "Alvarez, Franklin"]
[Black "Harper, Warren"]
[Result "1/2-1/2"]
[WhiteElo "2194"]
[BlackElo "2195"]
[PlyCount "63"]
[EventDate "2008.03.19"]
[EventType "swiss"]
[EventRounds "9"]
[EventCountry "USA"]
[SourceTitle "CBM 123 Extra"]
[Source "ChessBase"]
[SourceDate "2008.05.06"]
[SourceVersion "1"]
[SourceVersionDate "2008.05.06"]
[SourceQuality "1"]

1. e4 c5 2. Nf3 d6 3. d4 cxd4 4. Nxd4 Nf6 5. Nc3 g6 6. Be3 Bg7 7. Bc4 0-0 8. f3 Nc6 9. Qd2 Ne5 10. Bb3 Bd7 11. Bh6 Bxh6 12. Qxh6 Qa5 13. h4 Rfc8 14. 0-0-0 Rxc3 15. bxc3 Qxc3 16. Kb1 a5 17. h5 a4 18. hxg6 axb3 19. gxh7+ Kh8 20. cxb3 Nd3 21. Qd2 Qxd4 22. Qxd3 Qxd3+ 23. Rxd3 Nxh7 24. Rd5 Kg7 25. Rdh5 Nf8 26. g4 Kf6 27. g5+ Kg7 28. Kb2 Ne6 29. Rh7+ Kg6 30. R1h6+ Kxg5 31. Rh5+ Kg6 32. R7h6+ 1/2-1/2

[Event "Foxwoods op 10th"]
[Site "Ledyard"]
[Date "2008.03.19"]
[Round "1"]
[White "Arkell, Keith C"]
[Black "Alvarez, Franklin"]
[Result "1-0"]
[WhiteElo "2489"]
[BlackElo "2194"]
[PlyCount "57"]
[EventDate "2008.03.19"]
[EventType "swiss"]
[EventRounds "9"]
[EventCountry "USA"]
[SourceTitle "CBM 123 Extra"]
[Source "ChessBase"]
[SourceDate "2008.05.06"]
[SourceVersion "1"]
[SourceVersionDate "2008.05.06"]
[SourceQuality "1"]

1. d4 Nf6 2. Nf3 e6 3. c4 b6 4. g3 Bb7 5. Bg2 d5 6. cxd5 exd5 7. Nc3 Nbd7 8. 0-0 Bb4 9. Bg5 0-0 10. Ne5 Bxc3 11. bxc3 Nxe5 12. dxe5 h6 13. Bxf6 gxf6 14. exf6 Qxf6 15. c4 c6 16. cxd5 cxd5 17. Qa4 Rfe8 18. e3 Bc6 19. Qg4+ Kf8 20. Rac1 Rad8 21. Rfd1 Re7 22. Rd4 Bd7 23. Qd1 Be6 24. e4 Red7 25. exd5 Bxd5 26. Bxd5 Qe5 27. Qd2 Rxd5 28. Qxh6+ Kg8 29. Rg4+ 1-0

[Event "New England Masters"]
[Site "Peabody"]
[Date "2007.08.15"]
[Round "5"]
[White "Alvarez, Franklin"]
[Black "Yanayt, Eugene"]
[Result "1-0"]
[WhiteElo "2200"]
[BlackElo "2335"]
[PlyCount "115"]
[EventDate "2007.08.13"]
[EventType "swiss"]
[EventRounds "9"]
[EventCountry "USA"]
[SourceTitle "CBM 119 Extra"]
[Source "ChessBase"]
[SourceDate "2007.09.04"]
[SourceVersion "1"]
[SourceVersionDate "2007.09.04"]
[SourceQuality "1"]

1. e4 c5 2. Nf3 d6 3. d4 cxd4 4. Nxd4 Nf6 5. Bd3 Nc6 6. Nb3 g6 7. Nc3 Bg7 8. 0-0 d5 9. exd5 Nxd5 10. Nxd5 Qxd5 11. Qe2 0-0 12. Re1 Qd6 13. c3 b6 14. Bg5 h6 15. Bh4 e5 16. Rad1 Qc7 17. Be4 Bb7 18. Bg3 Rfe8 19. Nd4 a6 20. Nxc6 Bxc6 21. Qc4 Rac8 22. Bxg6 Qb7 23. Be4 Bxe4 24. Qxe4 Qxe4 25. Rxe4 f5 26. Re2 f4 27. Bh4 e4 28. Rde1 Rc4 29. f3 e3 30. g3 Kf7 31. Kg2 Rg8 32. Kh3 Be5 33. gxf4 Bxf4 34. Bg3 Kf6 35. Bxf4 Rxf4 36. Rxe3 h5 37. R1e2 Rg1 38. Rg2 Rf1 39. Rd2 R4xf3+ 40. Rxf3+ Rxf3+ 41. Kg2 Re3 42. Rd6+ Kf5 43. Rxb6 Re2+ 44. Kg3 a5 45. Rb5+ Ke4 46. Rxh5 Rxb2 47. Rxa5 Kd3 48. Rc5 Rxa2 49. h4 Ra4 50. h5 Re4 51. Rc6 Re1 52. h6 Rg1+ 53. Kf4 Rf1+ 54. Kg5 Rh1 55. Kg6 Ke4 56. Kg7 Kf5 57. Rf6+ Ke5 58. Rg6 1-0

[Event "New England Masters"]
[Site "Peabody"]
[Date "2007.08.15"]
[Round "4"]
[White "Vicary, Elizabeth"]
[Black "Alvarez, Franklin"]
[Result "1/2-1/2"]
[WhiteElo "2148"]
[BlackElo "2200"]
[PlyCount "42"]
[EventDate "2007.08.13"]
[EventType "swiss"]
[EventRounds "9"]
[EventCountry "USA"]
[SourceTitle "CBM 119 Extra"]
[Source "ChessBase"]
[SourceDate "2007.09.04"]
[SourceVersion "1"]
[SourceVersionDate "2007.09.04"]
[SourceQuality "1"]

1. e4 e5 2. Nf3 Nc6 3. Bb5 a6 4. Ba4 Nf6 5. Qe2 b5 6. Bb3 Be7 7. 0-0 d6 8. c3 0-0 9. Rd1 Bb7 10. d4 Qc8 11. a4 Qg4 12. d5 Na5 13. Bc2 c6 14. h3 Qd7 15. dxc6 Qxc6 16. Nbd2 Rfc8 17. axb5 axb5 18. Bd3 Nc4 19. Rxa8 Bxa8 20. Re1 Nd7 21. Nf1 Rb8 1/2-1/2

[Event "New England Masters"]
[Site "Peabody"]
[Date "2007.08.13"]
[Round "1"]
[White "Ippolito, Dean"]
[Black "Alvarez, Franklin"]
[Result "1-0"]
[WhiteElo "2395"]
[BlackElo "2200"]
[PlyCount "111"]
[EventDate "2007.08.13"]
[EventType "swiss"]
[EventRounds "9"]
[EventCountry "USA"]
[SourceTitle "CBM 119 Extra"]
[Source "ChessBase"]
[SourceDate "2007.09.04"]
[SourceVersion "1"]
[SourceVersionDate "2007.09.04"]
[SourceQuality "1"]

1. d4 Nf6 2. c4 e6 3. Nc3 Bb4 4. Qc2 b6 5. e4 Bxc3+ 6. bxc3 d6 7. Bd3 Bb7 8. f4 Nbd7 9. Nf3 e5 10. fxe5 dxe5 11. 0-0 Qe7 12. a4 0-0 13. Bg5 exd4 14. Rae1 h6 15. Bxf6 Nxf6 16. cxd4 Nh5 17. Qd2 Qd7 18. d5 Bc8 19. e5 Qxa4 20. Nd4 Qa3 21. Be2 Qc5 22. Bxh5 Ba6 23. Qf2 Bxc4 24. Bxf7+ Kh8 25. Ne6 Rxf7 26. Nxc5 Rxf2 27. Rxf2 bxc5 28. e6 Re8 29. e7 Kg8 30. Rc2 Bxd5 31. Rxc5 c6 32. Ra5 Kf7 33. Rxa7 Be6 34. Rf1+ Kg8 35. Rc7 c5 36. Kf2 Bc4 37. Rc1 Be6 38. Ke3 c4 39. Kd4 Bf7 40. Re1 c3 41. Kxc3 Bh5 42. Re5 Bg6 43. Re2 Bf5 44. Kd4 Bg4 45. Re4 Bf5 46. Rf4 g6 47. g4 Be6 48. Rf6 Bf7 49. Rd6 Kg7 50. Rd8 Kf6 51. Rxe8 Bxe8 52. Kd5 h5 53. g5+ Kxg5 54. Rc8 Ba4 55. Ke5 h4 56. h3 1-0

[Event "Santo Domingo op"]
[Site "Santo Domingo"]
[Date "2006.10.31"]
[Round "1"]
[White "Nogueiras Santiago, Jesus"]
[Black "Alvarez, Franklin"]
[Result "1-0"]
[WhiteElo "2554"]
[BlackElo "2171"]
[PlyCount "73"]
[EventDate "2006.10.31"]
[EventType "swiss"]
[EventRounds "9"]
[EventCountry "DOM"]
[SourceTitle "EXT 2007"]
[Source "ChessBase"]
[SourceDate "2006.11.23"]
[SourceVersion "1"]
[SourceVersionDate "2006.11.23"]
[SourceQuality "1"]

1. Nf3 Nf6 2. c4 e6 3. g3 d5 4. Bg2 Nbd7 5. 0-0 b6 6. cxd5 exd5 7. Nc3 Bb7 8. d4 Bb4 9. Ne5 0-0 10. Bg5 Bxc3 11. bxc3 h6 12. Nxd7 Qxd7 13. Bxf6 gxf6 14. e3 Qf5 15. Re1 Rfe8 16. Rc1 Re7 17. c4 c6 18. cxd5 cxd5 19. Qa4 Qe6 20. Rc3 Qd6 21. Rec1 Kg7 22. Bf1 f5 23. Qd1 a6 24. Qf3 f4 25. Qxf4 Qxf4 26. gxf4 Kf6 27. f3 Rae8 28. Kf2 b5 29. a3 Rd8 30. Rc5 Rd6 31. Bh3 Rb6 32. Rg1 a5 33. e4 Re8 34. e5+ Ke7 35. f5 Rh8 36. f6+ Kf8 37. Rgc1 1-0

[Event "Las Vegas Masters"]
[Site "Las Vegas"]
[Date "2006.06.12"]
[Round "5"]
[White "Alvarez, Franklin"]
[Black "Stoyko, Stephen E"]
[Result "0-1"]
[WhiteElo "2188"]
[BlackElo "2293"]
[PlyCount "48"]
[EventDate "2006.06.10"]
[EventType "swiss"]
[EventRounds "9"]
[EventCountry "USA"]
[SourceTitle "CBM 112 Extra"]
[Source "ChessBase"]
[SourceDate "2006.07.14"]
[SourceVersion "1"]
[SourceVersionDate "2006.07.14"]
[SourceQuality "1"]

1. e4 e6 2. d4 d5 3. Nd2 Nf6 4. Bd3 c5 5. e5 Nfd7 6. c3 cxd4 7. cxd4 Nc6 8. Ngf3 f6 9. exf6 Qxf6 10. Nb3 h6 11. 0-0 Bd6 12. Qe2 0-0 13. Bd2 e5 14. dxe5 Ndxe5 15. Nxe5 Bxe5 16. Rab1 Bd7 17. Qh5 Be8 18. Qg4 b6 19. f4 Bxb2 20. Rxb2 Qxb2 21. Qe6+ Kh8 22. Rc1 Rf6 23. Qxd5 Rd8 24. Qf3 Ne5 0-1

[Event "Las Vegas Masters"]
[Site "Las Vegas"]
[Date "2006.06.11"]
[Round "4"]
[White "Alvarez, Franklin"]
[Black "Aigner, Michael"]
[Result "1/2-1/2"]
[WhiteElo "2188"]
[BlackElo "2245"]
[PlyCount "130"]
[EventDate "2006.06.10"]
[EventType "swiss"]
[EventRounds "9"]
[EventCountry "USA"]
[SourceTitle "CBM 112 Extra"]
[Source "ChessBase"]
[SourceDate "2006.07.14"]
[SourceVersion "1"]
[SourceVersionDate "2006.07.14"]
[SourceQuality "1"]

1. e4 e5 2. Nf3 Nc6 3. Bc4 Bc5 4. 0-0 d6 5. c3 Bb6 6. h3 Nf6 7. d4 Qe7 8. Bg5 h6 9. Bh4 g5 10. Bg3 Nh5 11. Nxe5 Nxe5 12. Bxe5 dxe5 13. Qxh5 exd4 14. cxd4 Bxd4 15. Nc3 Bxc3 16. bxc3 Be6 17. Bxe6 Qxe6 18. f4 0-0-0 19. fxg5 Qxe4 20. Rae1 Qd5 21. Qxf7 hxg5 22. Re7 Qc5+ 23. Kh2 Qd6+ 24. Kg1 Qc5+ 25. Kh2 Qd6+ 26. Kg1 g4 27. Qf5+ Kb8 28. Re6 Qd2 29. Qxg4 Qxa2 30. Ref6 Qd5 31. Qf3 Qc5+ 32. Kh2 b6 33. Rf7 a5 34. Rf5 Qd6+ 35. Kh1 Ka7 36. Rb1 Ka6 37. Rfb5 Rhf8 38. Qh5 Qd3 39. Kh2 Rg8 40. R5b2 Rd5 41. Qf7 Rdg5 42. Qxc7 Rxg2+ 43. Rxg2 Rxg2+ 44. Kxg2 Qxb1 45. Qc8+ Kb5 46. Qd7+ Kc5 47. Qc7+ Kd5 48. Qd7+ Ke5 49. Qd4+ Ke6 50. Qc4+ Kf6 51. Qd4+ Kg6 52. Qg4+ Kf7 53. Qd7+ Kf6 54. Qd4+ Kg5 55. Qg4+ Kh6 56. Qh4+ Kg6 57. Qg4+ Kf6 58. Qd4+ Ke6 59. Qc4+ Kd6 60. Qd4+ Kc7 61. Qc4+ Kb8 62. Qg8+ Ka7 63. Qf7+ Ka6 64. Qc4+ Qb5 65. Qc8+ Ka7 1/2-1/2

[Event "Santo Domingo"]
[Site "Santo Domingo"]
[Date "2001.??.??"]
[Round "6"]
[White "Alvarez, Franklin"]
[Black "Carrion, Marcelo"]
[Result "1/2-1/2"]
[WhiteElo "2243"]
[BlackElo "2227"]
[PlyCount "39"]
[EventDate "2001.??.??"]
[EventType "tourn"]
[EventRounds "11"]
[EventCountry "DOM"]
[SourceTitle "EXT 2002"]
[Source "ChessBase"]
[SourceDate "2001.11.25"]
[SourceVersion "1"]
[SourceVersionDate "2001.11.25"]
[SourceQuality "1"]

1. e4 c5 2. Nf3 d6 3. d4 cxd4 4. Nxd4 Nf6 5. Nc3 a6 6. g3 Bg4 7. f3 Bd7 8. Be3 Nc6 9. Bg2 g6 10. 0-0 Bg7 11. Qd2 0-0 12. Nxc6 bxc6 13. Rad1 Rb8 14. b3 Qa5 15. Nd5 Qxd2 16. Nxf6+ Bxf6 17. Rxd2 Be6 18. f4 Rfc8 19. Bd4 Bxd4+ 20. Rxd4 1/2-1/2

[Event "Los Inmortales op 3rd"]
[Site "Santo Domingo"]
[Date "2001.??.??"]
[Round "3"]
[White "Alvarez, Franklin"]
[Black "Pinal, Nelson Borges"]
[Result "1/2-1/2"]
[WhiteElo "2208"]
[BlackElo "2333"]
[PlyCount "41"]
[EventDate "2001.11.06"]
[EventType "swiss"]
[EventRounds "9"]
[EventCountry "DOM"]
[SourceTitle "EXT 2003"]
[Source "ChessBase"]
[SourceDate "2002.11.25"]
[SourceVersion "1"]
[SourceVersionDate "2002.11.25"]
[SourceQuality "1"]

1. e4 c5 2. Nf3 Nc6 3. d4 cxd4 4. Nxd4 g6 5. Be3 Bg7 6. c4 Nf6 7. Nc3 0-0 8. Be2 d6 9. 0-0 Bd7 10. Rc1 Nxd4 11. Bxd4 Bc6 12. Bf3 a5 13. Nd5 Nd7 14. Bxg7 Kxg7 15. Qd4+ e5 16. Qd2 Nc5 17. g3 Ne6 18. Bg2 Nd4 19. f4 Bxd5 20. exd5 f6 21. Kh1 1/2-1/2

[Event "Santo Domingo"]
[Site "Santo Domingo"]
[Date "2001.??.??"]
[Round "7"]
[White "Dominguez, Jose Manuel"]
[Black "Alvarez, Franklin"]
[Result "1-0"]
[WhiteElo "2329"]
[BlackElo "2243"]
[PlyCount "49"]
[EventDate "2001.??.??"]
[EventType "tourn"]
[EventRounds "11"]
[EventCountry "DOM"]
[SourceTitle "EXT 2002"]
[Source "ChessBase"]
[SourceDate "2001.11.25"]
[SourceVersion "1"]
[SourceVersionDate "2001.11.25"]
[SourceQuality "1"]

1. Nf3 d5 2. g3 Nf6 3. Bg2 e6 4. 0-0 c5 5. d3 Be7 6. Nbd2 0-0 7. e4 dxe4 8. dxe4 Nc6 9. e5 Nd5 10. Qe2 Ndb4 11. Ne4 Qc7 12. c3 Nd5 13. c4 Nb6 14. Bf4 Nd4 15. Nxd4 cxd4 16. Nf6+ Bxf6 17. exf6 e5 18. Qh5 Nd7 19. fxg7 Re8 20. Bg5 Nc5 21. b4 Ne6 22. Bf6 Nf4 23. gxf4 exf4 24. Rfe1 Bd7 25. Be4 1-0

[Event "Santo Domingo"]
[Site "Santo Domingo"]
[Date "2001.??.??"]
[Round "8"]
[White "Mazara Ruiz, Adan Manuel"]
[Black "Alvarez, Franklin"]
[Result "1-0"]
[WhiteElo "2229"]
[BlackElo "2243"]
[PlyCount "87"]
[EventDate "2001.??.??"]
[EventType "tourn"]
[EventRounds "11"]
[EventCountry "DOM"]
[SourceTitle "EXT 2002"]
[Source "ChessBase"]
[SourceDate "2001.11.25"]
[SourceVersion "1"]
[SourceVersionDate "2001.11.25"]
[SourceQuality "1"]

1. e4 e5 2. Nf3 Nc6 3. d4 exd4 4. Nxd4 Nf6 5. Nxc6 bxc6 6. e5 Qe7 7. Qe2 Nd5 8. c4 Nb6 9. g3 Ba6 10. b3 d5 11. Bg2 Qd7 12. 0-0 Be7 13. Rd1 Rd8 14. Qf3 0-0 15. Nc3 d4 16. Ne2 c5 17. Nf4 Bc8 18. Ba3 Qg4 19. Nd3 f6 20. Qxg4 Bxg4 21. Re1 Bf5 22. Bxc5 Bxc5 23. Nxc5 fxe5 24. Rxe5 Nd7 25. Nxd7 Rxd7 26. Rxf5 Rxf5 27. Bh3 Rff7 28. Bxd7 Rxd7 29. Rd1 c5 30. Kf1 a5 31. Ke2 Kf7 32. Kd3 Re7 33. Rb1 Rb7 34. a3 g5 35. b4 Kf6 36. b5 Ke5 37. Re1+ Kd6 38. f4 gxf4 39. gxf4 Rf7 40. Re5 Rxf4 41. Rd5+ Ke6 42. Rxc5 Rh4 43. b6 Kd6 44. Rb5 1-0

[Event "Olympiad-31"]
[Site "Moscow"]
[Date "1994.12.16"]
[Round "14.3"]
[White "Mohr, Georg"]
[Black "Alvarez, Franklin"]
[Result "1-0"]
[WhiteElo "2435"]
[BlackElo "2270"]
[PlyCount "97"]
[EventDate "1994.12.01"]
[EventType "team-swiss"]
[EventRounds "14"]
[EventCountry "RUS"]
[SourceTitle "CBM 045"]
[Source "ChessBase"]
[SourceDate "1995.04.01"]
[SourceVersion "1"]
[SourceVersionDate "1995.04.01"]
[SourceQuality "1"]
[WhiteTeam "Slovenia"]
[BlackTeam "Dominican Republic"]
[WhiteTeamCountry "SLO"]
[BlackTeamCountry "DOM"]

1. e4 e5 2. f4 exf4 3. Nf3 d6 4. d4 g5 5. h4 g4 6. Ng1 Bh6 7. Nc3 c6 8. Qd3 Na6 9. a3 Nc7 10. Bd2 b6 11. Nce2 Qf6 12. 0-0-0 Ba6 13. Qc3 Ne7 14. d5 Qxc3 15. Nxc3 cxd5 16. Bxa6 Nxa6 17. Nge2 dxe4 18. Nxe4 0-0-0 19. Bxf4 d5 20. Nf6 Bg7 21. Nxg4 Ng6 22. Bg5 Rd6 23. Ng3 Rd7 24. Nf5 f6 25. Be3 Ne5 26. Nxe5 fxe5 27. Rxd5 Rxd5 28. Ne7+ Kd7 29. Nxd5 Ke6 30. Nc3 Nc7 31. g4 Rf8 32. Kd2 Ne8 33. Ne4 Nf6 34. Nxf6 Rxf6 35. Ke2 Rf7 36. Rf1 Re7 37. c3 Rd7 38. Rf5 b5 39. Kf3 Kd5 40. g5 Kc4 41. h5 Kd3 42. Kf2 e4 43. Bf4 Rd8 44. Rf7 Rf8 45. Rd7+ Kc2 46. Ke3 Bh8 47. Rxh7 Kxb2 48. Rxh8 Rxh8 49. h6 1-0